00363 2200157 4500245004600000250001100046100002300057700001900080650001600099005001900115260001600134041001400150084000900164300002300173336000900196 a98 Punya CeritacNaifah Nisa AzaliahText aCet. 1 aNaifah Nisa Azalia aAli Irfan Zain aKarya Siswa a20240918092053 aBogorc2024 aIndonesia aNONE avi, 137hlm :c20cm atext